| 000 | 02080nam a22002897a 4500 | ||
|---|---|---|---|
| 003 | AR-RoIUNI | ||
| 005 | 20210819115708.0 | ||
| 007 | ta | ||
| 008 | 160510s2009 ag |||||r|||| 00| 0 spa d | ||
| 020 | _a9789875382480 | ||
| 040 | _cIUNIR | ||
| 080 | _a364.26 | ||
| 245 | 1 | 0 |
_aDiscapacidad e ideología de la normalidad _bdesnaturalizar el déficit _cAna Rosato, María Alfonsina Angelino [coordinadoras] ; prólogo de Carlos Skliar. |
| 250 | _a1a. ed. | ||
| 260 |
_aBuenos Aires _bNoveduc _c2009 |
||
| 300 |
_a243 p. _c23 cm. |
||
| 490 | 0 | _aColección [dis]capacidad | |
| 505 | 2 |
_tCapítulo 1. La discapacidad no existe, es una invención. De quienes fuimos (somos) siendo en el trabajo y la producción / _rMaría Alfonsina Angelino -- _tCapítulo 2. Alteridad y discapacidad : las disputas por los significados / _rMaría Eugenia Almeida, ... [et al.] -- _tCapítulo 3. La producción social de la discapacidad en las diferentes dimensiones de lo barrial. Plaza accesible - plaza para discapacitados / _rAgustina Spadillero -- _tCapítulo 4. La categoría de normalidad: una mirada sobre viejas y nuevas formas de disciplinamiento social / _rIndiana Vallejos -- _tCapítulo 5. Demasiado cuerpo / _rEsteban Kipen, Aarón Lipschitz -- _tCapítulo 6. Ideología e ideología de la normalidad / _rMaría Alfonsina Angelino -- _tCapítulo 7. La producción de discapacidad en clave de ideología / _rEsteban Kipen, Indiana Vallejos -- _tCapítulo 8. La exclusión como categoría de análisis / _rBetina Zuttión, Candelaria Sánchez -- _tCapítulo 9. La discapacidad diagnosticada y la certificación del reconocimiento / _rIndiana Vallejos -- _tCapítulo 10. Exclusión y discapacidad: entre la redistribución y el reconocimiento / _rMaría Eugenia Almeida -- _tConclusiones. Para seguir siendo y seguir estando. Las nuevas preguntas / _rAna Rosato. |
|
| 650 | 4 |
_aPSICOLOGÍA _9108 |
|
| 650 | 4 | _aDISCAPACIDAD | |
| 650 | 4 | _aACTITUDES SOCIALES | |
| 650 | 4 | _aDidáctica | |
| 650 | 4 | _aEducación especial | |
| 700 | 1 | _aRosato, Ana. | |
| 700 | 1 | _aAngelino, María Alfonsina. | |
| 942 |
_2cdu _cBK |
||
| 999 |
_c2996 _d2996 |
||